Kovové a drevené konštrukcie 1.časť

Salvato in:
Dettagli Bibliografici
Autori principali: Chladný, Eugen, 1928- (Autore), Voříšek, Vladimír (Autore), Dutko, Pavel (Autore)
Natura: Libro
Lingua:slovacco
Pubblicazione: Bratislava : SVŠT v Bratislave, 1979
Tags: Aggiungi Tag
Nessun Tag, puoi essere il primo ad aggiungerne!!

MARC

LEADER 00000nam a22000003a 4500
001 stu91065
005 20170721084049.7
008 041019s1979----cs------------------slo-d
040 |a STU  |b slo 
041 0 |a slo 
044 |a cs 
080 |a 624.011.1(075.8) 
080 |a 624.014(075.8)  |7 stu_us_auth*stu3961 
100 1 |a Chladný, Eugen,  |d 1928-  |4 aut  |X 2689  |7 A000002689 
245 1 |a Kovové a drevené konštrukcie 1.časť 
260 |a Bratislava :  |b SVŠT v Bratislave,  |c 1979 
300 |a 388 s 
700 1 |a Voříšek, Vladimír  |4 aut 
700 1 |a Dutko, Pavel  |4 aut 
996 |b 284V025347  |c V*4896/S-79  |l VVS  |s A  |a 24  |w stu91065_0001 
996 |b 284V023738  |c V* 43645/S-17  |l VVT  |s A  |a 24  |w stu91065_0002